00797cam a2200217 a 450000100090000000300040000900500170001300800410003001000170007102000150008804000130010304200100011604300120012608200170013824501670015526000810032230000240040365000470042765000390047471000660051314053409OSt20230704111413.0050727s2005 ke 000 0 eng  a 2005326466 a9966958142 aDLCcDLC alcode af-ke--- a341.486bICJ00aInternational human rights standards :breporting obligations : convention relating to the status of refugees and the protocol relating to the status of refugees. aNairobi :bKenya Section of the International Commission of Jurists,cc2005. avi, 46 p. ;c21 cm. 0aRefugeesxLegal status, laws, etc.zKenya. 0aRefugeesxLegal status, laws, etc.2 aInternational Commission of Jurists (1952- ).bKenya Section.